000 00738nam a2200229Ia 4500
003 GCL
005 20240530102622.0
008 140319s9999 xx 000 0 ara d
040 _aGCL /
_cGCL
082 0 4 _a909
_bوم
100 1 _aولز, هـ . ج.
245 1 0 _aمعالم تاريخ الانسانية /
_cولز, هـ. ج.
260 _aالقاهرة :
_bالهيئة المصرية العامة للكتاب ،
_c1994
300 _aمتعدد ؛
_c25 سم
490 _aالالف كتاب الثانى
_v157
650 0 4 _aالحضارة
650 0 4 _aالتاريخ
650 0 4 _aالعلم والحضارة
650 0 4 _aالسلالات البشرية
650 0 4 _aالحركات الفكرية
942 _2ddc
_cBK
999 _c33463
_d33463